Random Vowelless Movie Characters #1 - Statistics

General Stats
  • This quiz has been taken 34 times
  • The average score is 18 of 20
Answer Stats
Vowelless Character Character % Correct
Blck Wdw Black Widow
100%
Ctwmn Catwoman
100%
Cndrll Cinderella
100%
Cnn the Brbrn Conan the Barbarian
100%
Drth Vdr Darth Vader
100%
Dctr Strng Doctor Strange
100%
Drthy Gl Dorothy Gale
100%
dwrd Scssrhnds Edward Scissorhands
100%
Frrst Gmp Forrest Gump
100%
Gdzll Godzilla
100%
Hrcls Hercules
100%
Hrmn Grngr Hermione Granger
100%
Jck Dwsn Jack Dawson
100%
Jck Sprrw Jack Sparrow
100%
Jms Bnd James Bond
100%
Jhnny nglsh Johnny English
100%
Ktnss vrdn Katniss Everdeen
100%
Md Mx Mad Max
100%
Mry Pppns Mary Poppins
100%
Ptr Pn Peter Pan
100%
Prncss L Princess Leia
100%
Rbn Hd Robin Hood
100%
Snw Wht Snow White
100%
Spck Spock
100%
Wlly Wnk Willy Wonka
100%
Wndr Wmn Wonder Woman
100%
Pchnts Pocahontas
91%
stn Pwrs Austin Powers
86%
Rcky Blb Rocky Balboa
86%
Bb Ftt Boba Fett
83%
Dc Brwn Doc Brown
83%
Jsn Brn Jason Bourne
83%
Bn Hr Ben Hur
82%
Dck Trcy Dick Tracy
80%
ndn Jns Indiana Jones
75%
lln Rply Ellen Ripley
71%
ptms Prm Optimus Prime
70%
Bll Swn Bella Swan
67%
Mr Vn Trpp Maria Von Trapp
57%
skr Schndlr Oskar Schindler
50%
No matching quizzes found
Score Distribution
Percent of People with Each Score
Percentile by Number Answered
Your Score History
You have not taken this quiz